[Event "SE-2015-0-00193"]
[Site "LSS email"]
[Date "2015.02.07"]
[Round "?"]
[White "Cedeno Ochoa, Rodrigo"]
[Black "Evsin, Igorj"]
[Result "0-1"]
[WhiteElo "1561"]
[BlackElo "1459"]
[PlyCount "24"]
[EventDate "2015.01.02"]
[EventType "tourn (corr)"]
[EventRounds "6"]
[EventCountry "GER"]
[SourceTitle "Corr 2022"]
[Source "ChessBase"]
[SourceDate "2021.10.24"]
[SourceVersion "1"]
[SourceVersionDate "2021.10.24"]
[SourceQuality "1"]

1. e4 c5 2. Ne2 Nc6 3. Nbc3 e5 4. Nd5 Nf6 5. Nec3 Nxd5 6. Nxd5 Be7 7. Bc4 0-0 8. 0-0 Na5 9. d3 Nxc4 10. dxc4 d6 11. b3 f5 12. exf5 Bxf5 0-1

[Event "SE-2015-0-00193"]
[Site "LSS email"]
[Date "2015.02.07"]
[Round "?"]
[White "Grimm, Wolfgang"]
[Black "Cedeno Ochoa, Rodrigo"]
[Result "1-0"]
[WhiteElo "1453"]
[BlackElo "1561"]
[PlyCount "23"]
[EventDate "2015.01.02"]
[EventType "tourn (corr)"]
[EventRounds "6"]
[EventCountry "GER"]
[SourceTitle "Corr 2022"]
[Source "ChessBase"]
[SourceDate "2021.10.24"]
[SourceVersion "1"]
[SourceVersionDate "2021.10.24"]
[SourceQuality "1"]

1. c4 e5 2. Nc3 Nc6 3. Nf3 Nf6 4. e4 Bb4 5. d3 d6 6. Be2 0-0 7. 0-0 a5 8. Nh4 Bxc3 9. bxc3 Nxe4 10. dxe4 Qxh4 11. f4 exf4 12. Rxf4 1-0

[Event "SE-2014-0-00183"]
[Site "LSS email"]
[Date "2014.11.16"]
[Round "?"]
[White "Cedeno Ochoa, Rodrigo"]
[Black "Casser, Aaron"]
[Result "0-1"]
[WhiteElo "1656"]
[BlackElo "1468"]
[PlyCount "74"]
[EventDate "2014.10.09"]
[EventType "tourn (corr)"]
[EventRounds "6"]
[EventCountry "GER"]
[SourceTitle "Corr 2022"]
[Source "ChessBase"]
[SourceDate "2021.10.24"]
[SourceVersion "1"]
[SourceVersionDate "2021.10.24"]
[SourceQuality "1"]

1. e4 e6 2. Qe2 c5 3. f4 Nc6 4. c3 d5 5. exd5 Qxd5 6. Nf3 Nf6 7. g3 Be7 8. Bg2 Qh5 9. d3 0-0 10. Nbd2 Rd8 11. Ne5 Qxe2+ 12. Kxe2 Bd7 13. Nxd7 Rxd7 14. Bxc6 bxc6 15. Nc4 Rad8 16. Ne5 Rd6 17. Be3 Nd7 18. Nc4 Rd5 19. Na5 Rb8 20. Rab1 Rb6 21. g4 Nf6 22. Nc4 Nxg4 23. Nxb6 axb6 24. Bd2 Nh6 25. a4 Nf5 26. b4 cxb4 27. cxb4 c5 28. Rhc1 cxb4 29. Rc8+ Rd8 30. Rxd8+ Bxd8 31. Bxb4 f6 32. Bc5 bxc5 33. Rb8 Kf7 34. Rxd8 Ke7 35. Rc8 Kd6 36. a5 Ne7 37. Re8 Nc6 0-1

[Event "SE-2014-0-00183"]
[Site "LSS email"]
[Date "2014.11.16"]
[Round "?"]
[White "Lonyuk, Bohdan"]
[Black "Cedeno Ochoa, Rodrigo"]
[Result "0-1"]
[WhiteElo "1269"]
[BlackElo "1656"]
[PlyCount "44"]
[EventDate "2014.10.09"]
[EventType "tourn (corr)"]
[EventRounds "6"]
[EventCountry "GER"]
[SourceTitle "Corr 2022"]
[Source "ChessBase"]
[SourceDate "2021.10.24"]
[SourceVersion "1"]
[SourceVersionDate "2021.10.24"]
[SourceQuality "1"]

1. e4 e5 2. Nf3 Nc6 3. d4 exd4 4. Nxd4 Bb4+ 5. c3 Bc5 6. Nxc6 bxc6 7. Bd3 Qh4 8. Qe2 Nf6 9. h3 0-0 10. g3 Qh5 11. g4 Qe5 12. g5 Ne8 13. f4 Qe7 14. Nd2 d5 15. a4 a5 16. exd5 Qd8 17. dxc6 Nd6 18. Qg2 Re8+ 19. Kd1 Nf5 20. Bxf5 Bxf5 21. Re1 Qd3 22. Qf3 Qc2# 0-1

[Event "SE-2014-0-00183"]
[Site "LSS email"]
[Date "2014.11.16"]
[Round "?"]
[White "Obrien, Glenn"]
[Black "Cedeno Ochoa, Rodrigo"]
[Result "1-0"]
[WhiteElo "1345"]
[BlackElo "1656"]
[PlyCount "117"]
[EventDate "2014.10.09"]
[EventType "tourn (corr)"]
[EventRounds "6"]
[EventCountry "GER"]
[SourceTitle "Corr 2022"]
[Source "ChessBase"]
[SourceDate "2021.10.24"]
[SourceVersion "1"]
[SourceVersionDate "2021.10.24"]
[SourceQuality "1"]

1. e4 e5 2. Nf3 Nc6 3. Bb5 g6 4. 0-0 Bg7 5. c3 a6 6. Ba4 d6 7. d4 Bd7 8. Re1 b5 9. Bb3 Nf6 10. Bg5 h6 11. Bh4 0-0 12. Nbd2 exd4 13. Nxd4 Na5 14. f4 c5 15. N4f3 Qc7 16. e5 dxe5 17. Bxf6 Bxf6 18. Ne4 Bg7 19. fxe5 Bc6 20. Qd6 Qxd6 21. Nxd6 Nxb3 22. axb3 Rfd8 23. Rad1 Bf8 24. Ne4 Be7 25. Nf2 Kg7 26. Nd3 Bd5 27. b4 Bb3 28. Rd2 cxb4 29. Nxb4 Bc5+ 30. Kh1 a5 31. Rxd8 Rxd8 32. Nc6 Rd3 33. Nxa5 Bd5 34. h3 Bb6 35. Ra1 g5 36. Kh2 f6 37. exf6+ Kxf6 38. Ne1 Rd2 39. b4 Re2 40. Rd1 Ke6 41. h4 g4 42. h5 Bf2 43. Nd3 Be3 44. Ne1 Bd2 45. Rxd2 Rxd2 46. Kg1 g3 47. Kf1 Kf5 48. Nf3 Rf2+ 49. Kg1 Kg4 50. Ne1 Kxh5 51. Nf3 Rc2 52. Kf1 Rxc3 53. Nd4 Rc1+ 54. Ke2 Bxg2 55. Kd2 Rc8 56. Ne2 Kg4 57. Ng1 h5 58. Nb3 h4 59. Nd4 1-0

[Event "BI-2012-P-00014"]
[Site "LSS email"]
[Date "2012.04.20"]
[Round "?"]
[White "Edwards, KEDG"]
[Black "Cedeno Ochoa, Rodrigo"]
[Result "1-0"]
[WhiteElo "2039"]
[BlackElo "1279"]
[PlyCount "31"]
[EventDate "2012.04.22"]
[EventType "tourn (corr)"]
[EventRounds "10"]
[EventCountry "GER"]
[SourceTitle "Corr 2015"]
[Source "ChessBase"]
[SourceDate "2015.07.17"]
[SourceVersion "1"]
[SourceVersionDate "2015.07.17"]
[SourceQuality "1"]

1. e4 e5 2. Nf3 Nc6 3. Bb5 Nf6 4. 0-0 Bc5 5. Nxe5 Nxe4 6. d4 Nxd4 7. Bd3 Nf6 8. Be3 Ne6 9. Nc3 c6 10. Bf5 d6 11. Bxe6 Bxe6 12. Bxc5 dxc5 13. Qxd8+ Rxd8 14. Na4 Rd5 15. Rfe1 Nd7 16. Nf3 1-0

[Event "BI-2011-F-00011"]
[Site "LSS email"]
[Date "2012.02.12"]
[Round "?"]
[White "Cedeno Ochoa, Rodrigo"]
[Black "Lombart, Philippe"]
[Result "1/2-1/2"]
[WhiteElo "1279"]
[BlackElo "1916"]
[PlyCount "68"]
[EventDate "2012.02.15"]
[EventType "tourn (corr)"]
[EventRounds "10"]
[EventCountry "GER"]
[SourceTitle "Telechess CBM 153"]
[Source "ChessBase"]
[SourceDate "2013.03.14"]
[SourceVersion "1"]
[SourceVersionDate "2013.03.14"]
[SourceQuality "1"]

1. e4 e5 2. Nf3 Nc6 3. Bb5 a6 4. Bxc6 dxc6 5. h3 Bd6 6. 0-0 c5 7. c3 Ne7 8. d4 cxd4 9. cxd4 exd4 10. Nxd4 0-0 11. Nc3 Ng6 12. f4 Qh4 13. Nce2 Rd8 14. Qc2 c5 15. Nf3 Qe7 16. Nc3 Nxf4 17. e5 Bxe5 18. Nxe5 Nxh3+ 19. gxh3 Qxe5 20. Rf3 Qh5 21. Rg3 Bxh3 22. Be3 Be6 23. Ne4 Bf5 24. Nf6+ Kh8 25. Nxh5 Bxc2 26. Rc1 Bg6 27. Nf4 b6 28. Nxg6+ fxg6 29. a4 Rd5 30. a5 bxa5 31. Bxc5 Rc8 32. Rgc3 Kg8 33. Bf2 Rf8 34. R1c2 Rfd8 1/2-1/2

[Event "BI-2011-F-00011"]
[Site "LSS email"]
[Date "2012.02.12"]
[Round "?"]
[White "Do Amaral, Rogerio Einloft"]
[Black "Cedeno Ochoa, Rodrigo"]
[Result "1/2-1/2"]
[WhiteElo "1865"]
[BlackElo "1279"]
[PlyCount "72"]
[EventDate "2012.02.15"]
[EventType "tourn (corr)"]
[EventRounds "10"]
[EventCountry "GER"]
[SourceTitle "Telechess CBM 153"]
[Source "ChessBase"]
[SourceDate "2013.03.14"]
[SourceVersion "1"]
[SourceVersionDate "2013.03.14"]
[SourceQuality "1"]

1. e4 e5 2. Nf3 Nc6 3. Bb5 Nf6 4. 0-0 Bc5 5. Nxe5 Nxe4 6. Qe2 Nxe5 7. Qxe4 Qe7 8. Nc3 Ng6 9. Qxe7+ Kxe7 10. Re1+ Kd8 11. Bc4 Re8 12. Re4 f6 13. Rxe8+ Kxe8 14. Ne2 c6 15. d4 Bb6 16. Bd3 d5 17. a4 Kf7 18. a5 Bc7 19. Bd2 Nh4 20. a6 b6 21. c4 Bf5 22. Bxf5 Nxf5 23. cxd5 cxd5 24. Rc1 Bd6 25. f3 Ke6 26. Kf2 Kd7 27. h3 Ne7 28. Ke3 Rc8 29. Rd1 b5 30. Kd3 Nc6 31. Rc1 b4 32. Ra1 b3 33. g4 Re8 34. Nc1 Rb8 35. Ne2 Rf8 36. Nf4 Bxf4 1/2-1/2

[Event "LSS No Engine Cup 56 Preliminary 3"]
[Site "LSS email"]
[Date "2011.12.31"]
[Round "?"]
[White "Bester, Kazimierz"]
[Black "Cedeno Ochoa, Rodrigo"]
[Result "0-1"]
[WhiteElo "713"]
[BlackElo "1279"]
[PlyCount "58"]
[EventDate "2012.01.01"]
[EventType "tourn (corr)"]
[EventRounds "6"]
[EventCountry "GER"]
[SourceTitle "Telechess CBM 153"]
[Source "ChessBase"]
[SourceDate "2013.03.14"]
[SourceVersion "1"]
[SourceVersionDate "2013.03.14"]
[SourceQuality "1"]

1. d4 d5 2. e3 Nf6 3. c3 Nc6 4. Nf3 e6 5. Bb5 a6 6. Be2 Bd6 7. 0-0 0-0 8. Nbd2 e5 9. dxe5 Nxe5 10. Nd4 c5 11. N4f3 Qe7 12. Nb3 Bf5 13. Nh4 Bd7 14. f4 Nc4 15. Bxc4 dxc4 16. Na5 b5 17. b4 cxb4 18. Bb2 bxc3 19. Bxc3 Qxe3+ 20. Kh1 Qxc3 21. Qe1 Qxe1 22. Raxe1 Bb4 23. Nb7 Rfb8 24. a3 Bxe1 25. Rxe1 Rxb7 26. Re7 Re8 27. Rxe8+ Bxe8 28. h3 c3 29. Nf3 c2 0-1

[Event "LSS No Engine Cup 56 Preliminary 3"]
[Site "LSS email"]
[Date "2011.12.31"]
[Round "?"]
[White "Poblete, Litos"]
[Black "Cedeno Ochoa, Rodrigo"]
[Result "0-1"]
[WhiteElo "1670"]
[BlackElo "1279"]
[PlyCount "86"]
[EventDate "2012.01.01"]
[EventType "tourn (corr)"]
[EventRounds "6"]
[EventCountry "GER"]
[SourceTitle "Telechess CBM 153"]
[Source "ChessBase"]
[SourceDate "2013.03.14"]
[SourceVersion "1"]
[SourceVersionDate "2013.03.14"]
[SourceQuality "1"]

1. e4 e5 2. Nf3 Nc6 3. Bc4 Nf6 4. d3 Bc5 5. 0-0 d6 6. c3 Bb6 7. Be3 0-0 8. Nbd2 Na5 9. Qe2 Bxe3 10. fxe3 Nxc4 11. Nxc4 c6 12. a4 Be6 13. Nfd2 Qc7 14. Rac1 Rad8 15. b4 d5 16. exd5 cxd5 17. Nb2 e4 18. Rf4 Rfe8 19. d4 Qd6 20. Rcf1 Rc8 21. Nb1 a6 22. Qe1 Bd7 23. Qe2 Re6 24. Qd1 Ne8 25. Qh5 Rg6 26. Qh4 Nf6 27. h3 Be6 28. a5 Qd7 29. Kh1 Rh6 30. Qxh6 gxh6 31. Rxf6 Kh8 32. Rxh6 Rg8 33. Nd2 Qc7 34. Nd1 Qg3 35. Rf2 Qg5 36. Rxe6 fxe6 37. Nb3 Qh5 38. Rd2 Rg5 39. Nc5 Qf7 40. Rf2 Rf5 41. Kg1 Rxf2 42. Nxf2 Qh5 43. Kf1 e5 0-1

[Event "LSS No Engine Cup 50 Preliminary 6"]
[Site "LSS email"]
[Date "2011.09.06"]
[Round "?"]
[White "Cedeno Ochoa, Rodrigo"]
[Black "Neumann, Frank"]
[Result "0-1"]
[WhiteElo "1250"]
[BlackElo "638"]
[PlyCount "49"]
[EventDate "2011.09.07"]
[EventType "tourn (corr)"]
[EventRounds "6"]
[EventCountry "GER"]
[SourceTitle "Telechess CBM 157"]
[Source "ChessBase"]
[SourceDate "2013.11.12"]
[SourceVersion "1"]
[SourceVersionDate "2013.11.12"]
[SourceQuality "1"]

1. e4 e5 2. Nf3 Nc6 3. Bb5 d6 4. d4 Bd7 5. Nc3 Nf6 6. Bxc6 Bxc6 7. Qd3 Be7 8. dxe5 dxe5 9. Nxe5 0-0 10. Nxc6 bxc6 11. Qxd8 Raxd8 12. f3 Bc5 13. Bg5 Bd4 14. 0-0-0 c5 15. Nd5 Rd6 16. Ne7+ Kh8 17. c3 Be5 18. Rxd6 Bxd6 19. Bxf6 gxf6 20. Nf5 Be5 21. g3 Rg8 22. Rd1 Rg6 23. Ne7 Rh6 24. Rd8+ Kg7 25. Rg8# 0-1

[Event "BI-2011-P-00023"]
[Site "LSS email"]
[Date "2011.04.17"]
[Round "?"]
[White "Cedeno Ochoa, Rodrigo"]
[Black "Pech, Matej"]
[Result "1/2-1/2"]
[WhiteElo "1208"]
[BlackElo "783"]
[PlyCount "53"]
[EventDate "2011.04.20"]
[EventType "tourn (corr)"]
[EventRounds "10"]
[EventCountry "GER"]
[SourceTitle "Telechess CBM 151"]
[Source "ChessBase"]
[SourceDate "2012.11.13"]
[SourceVersion "1"]
[SourceVersionDate "2012.11.13"]
[SourceQuality "1"]

1. e4 e5 2. Nf3 Nc6 3. c3 Nf6 4. d4 Nxe4 5. d5 Ne7 6. Nxe5 Ng6 7. Nxg6 hxg6 8. Bd3 Nc5 9. 0-0 Nxd3 10. Qxd3 Be7 11. Re1 0-0 12. Nd2 d6 13. Nf3 Bf5 14. Qb5 Rb8 15. Qc4 b5 16. Qb4 Re8 17. Bd2 Qc8 18. Re3 a5 19. Qf4 Bf6 20. Rxe8+ Qxe8 21. Re1 Qc8 22. Nd4 Bd7 23. Qf3 Qa6 24. Nc6 Bxc6 25. dxc6 b4 26. b3 Qb5 27. g4 1/2-1/2

[Event "BI-2011-P-00023"]
[Site "LSS email"]
[Date "2011.04.17"]
[Round "?"]
[White "Fels, Bernhard"]
[Black "Cedeno Ochoa, Rodrigo"]
[Result "1/2-1/2"]
[WhiteElo "2029"]
[BlackElo "1208"]
[PlyCount "67"]
[EventDate "2011.04.20"]
[EventType "tourn (corr)"]
[EventRounds "10"]
[EventCountry "GER"]
[SourceTitle "Telechess CBM 151"]
[Source "ChessBase"]
[SourceDate "2012.11.13"]
[SourceVersion "1"]
[SourceVersionDate "2012.11.13"]
[SourceQuality "1"]

1. b4 e6 2. Bb2 Nf6 3. b5 d5 4. e3 h6 5. Nf3 Nbd7 6. c4 Bd6 7. d4 c5 8. dxc5 Nxc5 9. Be2 0-0 10. cxd5 Nxd5 11. 0-0 Qe7 12. Nbd2 Rd8 13. Qc2 Bd7 14. a4 Rac8 15. Nc4 Bc7 16. Ba3 a5 17. Rfc1 e5 18. Qb2 e4 19. Nfd2 Nb4 20. Bxb4 axb4 21. Qxb4 Qg5 22. a5 Bg4 23. Bf1 Qh5 24. g3 Rd5 25. Qb1 Nd3 26. Bxd3 exd3 27. a6 Rxb5 28. Qxd3 bxa6 29. Rxa6 Rd5 30. Qf1 Be2 31. Qe1 Rcd8 32. Raa1 R5d7 33. Ra2 f5 34. f4 1/2-1/2

[Event "BI-2011-P-00023"]
[Site "LSS email"]
[Date "2011.04.17"]
[Round "?"]
[White "Shim Ng Min, Francis"]
[Black "Cedeno Ochoa, Rodrigo"]
[Result "0-1"]
[WhiteElo "1182"]
[BlackElo "1208"]
[PlyCount "46"]
[EventDate "2011.04.20"]
[EventType "tourn (corr)"]
[EventRounds "10"]
[EventCountry "GER"]
[SourceTitle "Telechess CBM 151"]
[Source "ChessBase"]
[SourceDate "2012.11.13"]
[SourceVersion "1"]
[SourceVersionDate "2012.11.13"]
[SourceQuality "1"]

1. e4 e5 2. Nf3 Nc6 3. Nc3 Nf6 4. Bb5 Nd4 5. Ba4 Bc5 6. Nxe5 0-0 7. Nd3 Bb6 8. e5 Ne8 9. 0-0 d6 10. exd6 Nxd6 11. Ne1 c6 12. d3 Re8 13. Bf4 Qf6 14. Bxd6 Qxd6 15. Ne4 Qg6 16. Kh1 Bc7 17. c3 Bg4 18. f3 Qh6 19. g3 Rxe4 20. dxe4 Bxg3 21. Rf2 Nxf3 22. Nxf3 Bxf2 23. Qe2 Bg3 0-1

[Event "SN-2010-0-00287"]
[Site "LSS email"]
[Date "2010.11.14"]
[Round "?"]
[White "Venturas, Bob"]
[Black "Cedeno Ochoa, Rodrigo"]
[Result "0-1"]
[WhiteElo "641"]
[BlackElo "800"]
[PlyCount "60"]
[EventDate "2010.10.26"]
[EventType "tourn (corr)"]
[EventRounds "6"]
[EventCountry "GER"]
[SourceTitle "Telechess CBM 143"]
[Source "ChessBase"]
[SourceDate "2011.07.15"]
[SourceVersion "1"]
[SourceVersionDate "2011.07.15"]
[SourceQuality "1"]

1. e4 e5 2. Nf3 Nc6 3. a3 Nf6 4. Nc3 Bc5 5. h3 0-0 6. Bc4 d6 7. d3 Nd4 8. 0-0 Be6 9. Ba2 Bxa2 10. Rxa2 Ne6 11. b4 Bb6 12. Be3 c6 13. Bg5 Nxg5 14. Nxg5 d5 15. Nf3 a5 16. b5 Bd4 17. Ne2 dxe4 18. dxe4 Nxe4 19. Nfxd4 exd4 20. Re1 c5 21. Qd3 Re8 22. Nc1 Nc3 23. Rxe8+ Qxe8 24. Ra1 Qe1+ 25. Qf1 Re8 26. Qxe1 Rxe1+ 27. Kh2 c4 28. g3 d3 29. cxd3 cxd3 30. Ne2 Rxe2 0-1